<?xml version="1.0" encoding="UTF-8"?>
<record
    xmlns:xsi="http://www.w3.org/2001/XMLSchema-instance"
    xsi:schemaLocation="http://www.loc.gov/MARC21/slim http://www.loc.gov/standards/marcxml/schema/MARC21slim.xsd"
    xmlns="http://www.loc.gov/MARC21/slim">

  <leader>01184nam a2200337 a 4500</leader>
  <datafield tag="999" ind1=" " ind2=" ">
    <subfield code="c">23290</subfield>
    <subfield code="d">23290</subfield>
  </datafield>
  <controlfield tag="001">vtls010333798</controlfield>
  <controlfield tag="005">20220823091206.0</controlfield>
  <controlfield tag="008">120110s2011    xr oca        000 1 cze c</controlfield>
  <datafield tag="020" ind1=" " ind2=" ">
    <subfield code="a">9788087286111 (bro&#x17E;.)</subfield>
  </datafield>
  <datafield tag="040" ind1=" " ind2=" ">
    <subfield code="a">SVKPO</subfield>
    <subfield code="b">slo</subfield>
    <subfield code="c">SVKPO</subfield>
    <subfield code="e">AACR2</subfield>
  </datafield>
  <datafield tag="041" ind1="0" ind2=" ">
    <subfield code="a">cze</subfield>
  </datafield>
  <datafield tag="044" ind1=" " ind2=" ">
    <subfield code="a">xr</subfield>
    <subfield code="c">CZ</subfield>
  </datafield>
  <datafield tag="072" ind1=" " ind2="7">
    <subfield code="a">94(437)</subfield>
    <subfield code="x">Dejiny &#x10C;eska a Slovenska</subfield>
    <subfield code="2">konspekt</subfield>
  </datafield>
  <datafield tag="080" ind1=" " ind2=" ">
    <subfield code="a">94-021.143</subfield>
    <subfield code="2">2001</subfield>
  </datafield>
  <datafield tag="080" ind1=" " ind2=" ">
    <subfield code="a">32(091)</subfield>
    <subfield code="2">2001</subfield>
  </datafield>
  <datafield tag="080" ind1=" " ind2=" ">
    <subfield code="a">94(437)"1938"</subfield>
    <subfield code="2">2001</subfield>
  </datafield>
  <datafield tag="080" ind1=" " ind2=" ">
    <subfield code="a">(0:82-4)</subfield>
    <subfield code="2">2001</subfield>
  </datafield>
  <datafield tag="100" ind1="1" ind2=" ">
    <subfield code="a">Kva&#x10D;ek, Robert,</subfield>
    <subfield code="d">1932-</subfield>
    <subfield code="9">3267</subfield>
  </datafield>
  <datafield tag="245" ind1="1" ind2="0">
    <subfield code="a">&#x10C;eskoslovensk&#xFD; rok 1938</subfield>
    <subfield code="c">Robert Kva&#x10D;ek ; [fotografie] Milo&#x161; Heyduk</subfield>
  </datafield>
  <datafield tag="250" ind1=" " ind2=" ">
    <subfield code="a">2., roz&#x161;. a aktualiz. vyd., v nakl. Polart 1.</subfield>
  </datafield>
  <datafield tag="260" ind1=" " ind2=" ">
    <subfield code="a">Praha</subfield>
    <subfield code="b">POLART - Jaroslav Pol&#xE1;k</subfield>
    <subfield code="c">2011</subfield>
  </datafield>
  <datafield tag="300" ind1=" " ind2=" ">
    <subfield code="a">197 s., [28] s. obr. pr&#xED;l.</subfield>
    <subfield code="b">fotogr.</subfield>
    <subfield code="c">21 cm</subfield>
  </datafield>
  <datafield tag="500" ind1=" " ind2=" ">
    <subfield code="a">Vydan&#xE9; v spolupr&#xE1;ci s vydavate&#x13E;stvom BVD</subfield>
  </datafield>
  <datafield tag="500" ind1=" " ind2=" ">
    <subfield code="a">V tir&#xE1;&#x17E;i uveden&#xE9; miesto vydania D&#x11B;&#x10D;&#xED;n-Star&#xE9; M&#x11B;sto</subfield>
  </datafield>
  <datafield tag="648" ind1=" " ind2="7">
    <subfield code="a">1938</subfield>
    <subfield code="2">SNKPH</subfield>
    <subfield code="9">2059</subfield>
  </datafield>
  <datafield tag="650" ind1="0" ind2="7">
    <subfield code="a">udalosti</subfield>
    <subfield code="2">SNKPH</subfield>
    <subfield code="9">3268</subfield>
  </datafield>
  <datafield tag="650" ind1="0" ind2="7">
    <subfield code="a">politick&#xE9; dejiny</subfield>
    <subfield code="2">SNKPH</subfield>
    <subfield code="9">3269</subfield>
  </datafield>
  <datafield tag="651" ind1=" " ind2="7">
    <subfield code="a">&#x10C;eskoslovensko</subfield>
    <subfield code="x">dejiny</subfield>
    <subfield code="2">SNKPH</subfield>
    <subfield code="9">3270</subfield>
  </datafield>
  <datafield tag="655" ind1=" " ind2="7">
    <subfield code="a">report&#xE1;&#x17E;e</subfield>
    <subfield code="2">SNKPH</subfield>
    <subfield code="9">3271</subfield>
  </datafield>
  <datafield tag="700" ind1="1" ind2=" ">
    <subfield code="a">Heyduk, Milo&#x161;,</subfield>
    <subfield code="d">1933-</subfield>
    <subfield code="4">pht</subfield>
    <subfield code="9">3272</subfield>
  </datafield>
  <datafield tag="952" ind1=" " ind2=" ">
    <subfield code="0">0</subfield>
    <subfield code="1">0</subfield>
    <subfield code="2">udc</subfield>
    <subfield code="4">0</subfield>
    <subfield code="7">0</subfield>
    <subfield code="8">D</subfield>
    <subfield code="a">10000</subfield>
    <subfield code="b">10000</subfield>
    <subfield code="d">2022-08-23</subfield>
    <subfield code="i">21623</subfield>
    <subfield code="l">1</subfield>
    <subfield code="o">S1527</subfield>
    <subfield code="p">S1527</subfield>
    <subfield code="r">2023-02-16</subfield>
    <subfield code="s">2023-01-24</subfield>
    <subfield code="w">2022-08-23</subfield>
    <subfield code="y">OLDO</subfield>
  </datafield>
</record>
